| Поле | Название | Значение |
| |
Тип записи |
a |
| |
Библиографический уровень |
m |
| 001 |
Контрольный номер |
107d16f556c94aa0b92542d05ae20824 |
| 005 |
Дата корректировки |
20260408071742.2 |
| 010 |
Индекс ISBN |
__ |
| a |
ISBN |
978-5-04-099308-6 |
| d |
Цена |
541-00 |
| 100 |
Данные общей обработки |
__ |
| a |
Данные общей обработки |
20210929d2021####am#y0rusy50######ca |
| 101 |
Язык документа |
0_ |
| a |
Язык текста |
rus |
| c |
Язык оригинала |
rus |
| 102 |
Страна публикации |
__ |
| a |
Страна публикации |
RU |
| 200 |
Заглавие и сведения об ответственности |
1_ |
| f |
Первые сведения об ответственности |
Аглая Датешидзе |
| a |
Заглавие |
Жила-была девочка |
| e |
Сведения, относящиеся к заглавию |
короткие истории, которые помогут понять себя |
| g |
Последующие сведения об ответственности |
[художник-иллюстратор Анастасия Крапива Кардашева] |
| 210 |
Выходные данные |
1_ |
| a |
Место издания |
Москва |
| c |
Издательство |
Бомбора™ |
| c |
Издательство |
Эксмо |
| d |
Дата издания |
2021 |
| 215 |
Физическое описание |
__ |
| a |
Объем |
206, [2] с. |
| c |
Иллюстрации/тип воспроизводства |
цв. ил. |
| 300 |
Общие примечания |
__ |
| a |
Общие примечания |
На 5-й странице: А. К. Датешидзе, врач-психотерапевт |
| 300 |
Общие примечания |
__ |
| a |
Общие примечания |
На 208 странице: Иллюстрации к книге нарисовала художник-иллюстратор Анастасия Крапива Кардашова |
| 333 |
Примечание о целевом назначении |
__ |
| a |
Примечание о целевом назначении |
[18+] |
| 606 |
Тематические рубрики |
__ |
| a |
Основная рубрика |
Художественная литература |
| 606 |
Тематические рубрики |
__ |
| a |
Основная рубрика |
Русская литература Новейшего времени (произведения) |
| 606 |
Тематические рубрики |
__ |
| a |
Основная рубрика |
Психология |
| 606 |
Тематические рубрики |
__ |
| a |
Основная рубрика |
Практическая психология |
| 610 |
Ключевые слова |
0_ |
| a |
Ключевые слова |
русская современная литература |
| a |
Ключевые слова |
сетевая литература |
| a |
Ключевые слова |
эссе |
| a |
Ключевые слова |
сказкотерапия |
| 686 |
Индексы других классификаций |
__ |
| a |
Индекс ББК |
84(2=411.2)6-44 |
| a |
Индекс ББК |
88.9 |
| 700 |
Автор |
_1 |
| a |
Фамилия |
Датешидзе |
| b |
Имя |
А. К. |
| g |
Полное личное имя |
Аглая Кирилловна |
| c |
Титул (звания) |
врач-психотерапевт |
| c |
Титул (звания) |
российская писательница |
| 702 |
Вторичная интеллектуальная ответственность |
_1 |
| a |
Фамилия |
Кардашова |
| b |
Имя |
А. |
| g |
Полное личное имя |
Анастасия |
| c |
Титул (звания) |
художник-иллюстратор |
| 801 |
Источник записи |
_0 |
| a |
Страна |
RU |
| b |
Организация |
Центральная районная библиотека им. Г. А. Пирожникова |
| g |
Правила каталогизации |
bzbo |
| c |
Дата составления |
20210929 |
| 801 |
Источник записи |
_1 |
| a |
Страна |
RU |
| b |
Организация |
Центральная районная библиотека им. Г. А. Пирожникова |
| g |
Правила каталогизации |
bzbo |
| c |
Дата составления |
20210929 |
| 852 |
Данные о местонахождении |
__ |
| j |
Шифр хранения |
84(2=411.2)6 |
| i |
Авторский знак |
Д 209 |
| 901 |
Тип документа |
__ |
| t |
Тип документа |
m |
| 902 |
Роль лиц |
__ |
| a |
Создатель БЗ |
ОКиО/Колмакова |
| 996 |
Издания ограниченного доступа |
__ |
| a |
Обозначение документа (признак издания) |
Наркотические средства |
| b |
Текстовое указание |
[!НСПВ] Незаконное потребление наркотических средств, психотропных веществ, их аналогов причиняет вред здоровью, их незаконный оборот запрещен и влечет установленную законодательством ответственность |